Rubber, vulcanized- Determination of termperature rise and resistance to fatigue in flexometer testing. Part 1: Basic principles (Record no. 74151)

MARC details
000 -LEADER
fixed length control field 00378nam a2200109Ia 4500
245 #0 - TITLE STATEMENT
Title Rubber, vulcanized- Determination of termperature rise and resistance to fatigue in flexometer testing. Part 1: Basic principles
260 ## - PUBLICATION, DISTRIBUTION, ETC. (IMPRINT)
Year of publication 2010
500 ## - GENERAL NOTE
General note Standard number: ISO 4666-1. Ed2
650 ## - SUBJECT ADDED ENTRY--TOPICAL TERM
Topical Term Vulacanized rubber
942 ## - ADDED ENTRY ELEMENTS (KOHA)
Koha item type Standards
Holdings
Withdrawn status Lost status Damaged status Not for loan Collection code Home library Current library Date acquired Koha item type
      Standards ISO standards RRII Library RRII Library 31/12/2021 Standards